=LDR 00000nam 2200000 4500 =001 INLIS000000000038001 =005 20200226021017 =035 ##$$a 0010-061300000038001 =008 200226################g##########0#ind## =041 ##$$a ind =082 ##$$a 155.5 =090 ##$$a 155.5, Mun c =100 ##$$a Munching, Philip Van =245 1#$$a Cowok Akan Menyanjungmu Bagaikan Dewi : $b Nasihat ayah untuk anak perempuannya /$c Philip Van Munching =260 ##$$a Jakarta :$b Gramedia Pustaka Utama,$c 2007 =300 ##$$a xxix, 210 hlm, ; $c 20 x 14 cm. =650 #4$$a Psikologi =850 ##$$a NBPNMAT =020 ##$$a 978-979-22-2847-2 =084 ##$$a 155.5 MUN c =990 ##$$a 21106414 =990 ##$$a 21106415